| 000 | 00664cam a2200193 i 4500 | ||
|---|---|---|---|
| 999 |
_c7630 _d7630 |
||
| 003 | OSt | ||
| 005 | 20200317110858.0 | ||
| 008 | 161027s2017 enka b 001 0 eng | ||
| 020 | _a9781138940987 (paperback) | ||
| 082 | 0 | 0 |
_a712 _223 _bCUR |
| 100 | 1 | _aCureton, Paul. | |
| 245 | 1 | 0 |
_aStrategies for landscape representation : _bdigital and analogue techniques / _cPaul Cureton. |
| 300 |
_ax, 248 pages : _bchiefly color illustrations, maps ; _c25 cm |
||
| 504 | _aIncludes bibliographical references and index. | ||
| 650 | 0 | _aLandscape architectural drawing. | |
| 650 | 0 |
_aLandscape architecture _xSimulation methods. |
|
| 650 | 0 |
_aLandscapes _xModels. |
|
| 942 | _2ddc | ||